00341nam a2200121 a 4500008004100000050001500041100003100056245004100087250001200128260005100140300001900191350000900210120416s1972 ||||||||||||||||| || u aHG 181 Due aDuesenberry, James Stemble10aMoney and credit: impact and control a3rd ed. aEnglewood Cliffs, N.J.bFT Prentice-Hallc1972 ax, 147p. : ill a0.00